000 01717nam a2200265 i 4500
003 DO-SdBNP
005 20250116162810.0
006 a||||gr|||| 00| 0
007 ta
008 220803e200? dr a|||fr|||| 00| 0 spa d
040 _aDO-SdBNP
_bspa
_cBNPHU
_erda
082 4 _222
_bR337d
245 1 0 _aRegistro:
_bdatos generales y control de asistencia. escuela multigrado.
264 _aSanto Domingo :
_bMinisterio de Educación de la República Dominicana,
_c[200?]
300 _a97 páginas :
_bIlustraciones ;
_c28 cm.
336 _2rdacontent
_atexto
_btxt
337 _2rdamedia
_asinmediación
_bn
338 _2rdacarrier
_avolumen
_bnc
505 0 _aOrientaciones Generales
_tDatos generales del centro educativo.--
_tDatos generales del maestro y la maestra.--
_tResumen de matrícula inicial al 15 de octubre.--
_tControl de asistencia y puntualidad.--
_tResumen anual de asistencia.--
_tResumen de inscritos e inscritas de la sección.--
_tDatos generales de la/del estudiante.--
_tOrientaciones para la evaluación.--
_tMatriz de la equivalencia de los por ciento.--
_tCondición final delas y los estudiantes de 3ro. a 6.to grado.--
_tResumen de matrícula final, según situación de los y las estudiantes.--
_tIdentificación de situaciones y posibles alternativas de soluciones.--
_tRegistro de experiencias directas.--
_tRegistro de acompañantes a la práctica pedagógica.--
_tInstrumento para validación del registro de grado 2015 - 2016
590 _aInventariado 2024 / MF
650 4 _937515
_aRegistro de Estudiantes
651 4 _980640
_aMinisterio de Educación (República Dominicana)
_xRegistro de Estudiantes
710 1 _aRepública Dominicana
_bMinisterio de Educación
_972019
942 _2ddc
_cLBS1
999 _c52264
_d52264